IFM Opac

Introductory statistics with applications (Record no. 14106)

MARC details
000 -LEADER
fixed length control field 00331nam a22001337a 4500
020 ## - INTERNATIONAL STANDARD BOOK NUMBER
International Standard Book Number 0395244307
082 ## - DEWEY DECIMAL CLASSIFICATION NUMBER
Classification number 310DAM
100 ## - MAIN ENTRY--PERSONAL NAME
Personal name Daniel,Wayne W
245 ## - TITLE STATEMENT
Title Introductory statistics with applications
260 ## - PUBLICATION, DISTRIBUTION, ETC.
Place of publication, distribution, etc. Boston
Name of publisher, distributor, etc. Houghton mifflin
Date of publication, distribution, etc. 1977
300 ## - PHYSICAL DESCRIPTION
Extent xii,475p.
Other physical details ill.; 23cm
500 ## - GENERAL NOTE
General note Including Index
942 ## - ADDED ENTRY ELEMENTS (KOHA)
Koha item type Books
Holdings
Withdrawn status Lost status Damaged status Not for loan Home library Current library Shelving location Date acquired Total Checkouts Full call number Barcode Date last seen Price effective from Koha item type
Withdrawn       IFM Main Campus Library IFM Main Campus Library Archival Collection 11/18/2015   310DAM 0000000259 11/18/2015 02/19/2022 Books